000 00174 a2200097 4500
020 _a9780153214578
041 _aspa
100 _aHarcourt
245 _aCiencias
942 _cBK
999 _c9826
_d9826